Principles of economics (Record no. 36)

MARC details
000 -LEADER
fixed length control field 00567 a2200229 4500
001 - CONTROL NUMBER
control field 001524
003 - CONTROL NUMBER IDENTIFIER
control field OSt
005 - DATE AND TIME OF LATEST TRANSACTION
control field 20211102111942.0
008 - FIXED-LENGTH DATA ELEMENTS--GENERAL INFORMATION
fixed length control field
020 ## - INTERNATIONAL STANDARD BOOK NUMBER
International Standard Book Number 0071762531
040 ## - CATALOGING SOURCE
Transcribing agency CURAJ
082 ## - DEWEY DECIMAL CLASSIFICATION NUMBER
Classification number 330
Item number S38P
100 1# - MAIN ENTRY--PERSONAL NAME
Personal name Salvatore, Dominick
245 1# - TITLE STATEMENT
Title Principles of economics
Statement of responsibility, etc by Dominick Salvatore and Eugene A. Diulio
250 ## - EDITION STATEMENT
Edition statement 2nd ed.
260 ## - PUBLICATION, DISTRIBUTION, ETC. (IMPRINT)
Place of publication, distribution, etc New Delhi
Name of publisher, distributor, etc Tata McGraw Hill
Date of publication, distribution, etc 2010
300 ## - PHYSICAL DESCRIPTION
Extent 400p.
630 ## - SUBJECT ADDED ENTRY--UNIFORM TITLE
Uniform title Economics
690 ## - LOCAL SUBJECT ADDED ENTRY--TOPICAL TERM (OCLC, RLIN)
Topical term or geographic name as entry element Economics
700 ## - ADDED ENTRY--PERSONAL NAME
Personal name Diulio, Eugene A.
942 ## - ADDED ENTRY ELEMENTS (KOHA)
Source of classification or shelving scheme Dewey Decimal Classification
Koha item type Books
Holdings
Withdrawn status Lost status Source of classification or shelving scheme Damaged status Not for loan Collection code Home library Current library Date acquired Source of acquisition Cost, normal purchase price Total Checkouts Full call number Barcode Date last seen Date checked out Price effective from Koha item type
    Dewey Decimal Classification     General Text Book Central University Of Rajasthan Central University Of Rajasthan 28/09/2010 ECO 335.00 3 330 S38P 1516 02/04/2024 21/03/2024 02/09/2020 Books
    Dewey Decimal Classification     General Text Book Central University Of Rajasthan Central University Of Rajasthan 25/08/2025 ECO     330 S38P 047342 25/08/2025   25/08/2025 Books
    Dewey Decimal Classification     General Text Book Central University Of Rajasthan Central University Of Rajasthan 25/08/2025 ECO     330 S38P 047343 25/08/2025   25/08/2025 Books
    Dewey Decimal Classification     General Text Book Central University Of Rajasthan Central University Of Rajasthan 25/08/2025 ECO     330 S38P 047344 25/08/2025   25/08/2025 Books
    Dewey Decimal Classification     General Text Book Central University Of Rajasthan Central University Of Rajasthan 25/08/2025 ECO   1 330 S38P 047345 27/02/2026 24/02/2026 25/08/2025 Books
    Dewey Decimal Classification   Not For Loan Reserve Text Book Central University Of Rajasthan Central University Of Rajasthan 25/08/2025 ECO     330 S38P 047346 25/08/2025   25/08/2025 Books